000 00422nmm a2200145Ia 4500
008 251105s9999||||xx |||||||||||||||||und||
041 _aspa
100 _aAlonso, Mercedes
245 0 _aLos ángeles no tienen hélices
264 _a[Madrid, España] :
_bLos libros del Cristal,
_c2016
300 _a0 páginas
650 _aSpanish narrative
856 _uhttps://public.digitaliapublishing.com/a/88122
942 _cCF
999 _c105878
_d105878